000 00417nam a2200109Ia 4500
008 160909s9999 xx 000 0 und d
100 _aBoccia, Mark
245 _aRestaurants as Learning Organizations: A Multiple-site Case Study of U.S. Non-chain Restaurants
260 _bThe George Washington University.
_c2016
650 _aFINANCIAL MANAGEMENT
856 _uhttp://pqdtopen.proquest.com/doc/1805978698.html?FMT=ABS
999 _c304591
_d304591